|
|
|
|
| LEADER |
00654cam a2200193 7i4500 |
| 001 |
0000044940 |
| 005 |
20220905090000.0 |
| 020 |
|
|
|a 9789675137198
|
| 020 |
|
|
|a 9831921380 (pbk.)
|
| 090 |
0 |
0 |
|a BP130.58
|b .M89 2009
|
| 100 |
0 |
|
|a Muzayyanah Abdullah
|
| 245 |
1 |
0 |
|a Apa itu Al-Quran?
|c Muzayyanah Abdullah.
|
| 260 |
|
|
|a Batu Caves, Selangor:
|b PTS Islamika,
|c 2009.
|
| 300 |
|
|
|a vi, 87 p.;
|c 19 cm.
|
| 650 |
0 |
0 |
|a Koran
|
| 997 |
|
|
|a Education & Social Sciences, Faculty
|b Islamic Studies, Department
|
| 998 |
|
|
|a Islamic Studies, Degree
|
| 999 |
|
|
|a 0000055114
|b BOK
|c OPEN SHELF
|e 1st Floor, Bestari Jaya
|
| 999 |
|
|
|a 0000055115
|b BOK
|c OPEN SHELF
|e 1st Floor, Shah Alam
|